LEADER 02171nam 2200505 a 450 001 9910795861503321 005 20231130225950.0 010 0 $a0198032080 010 0 $a9780198032083 010 $a0-19-983560-8 010 $a1-4237-2002-4 010 $a0-19-988156-1 010 $a9786611196707 010 $a1-281-19670-3 010 $a0-19-803208-0 035 $a(MiAaPQ)EBC7037340 035 $a(CKB)24235073000041 035 $a(MiAaPQ)EBC3051982 035 $a(Au-PeEL)EBL3051982 035 $a(CaPaEBR)ebr10103543 035 $a(CaONFJC)MIL119670 035 $a(OCoLC)61329666 035 $a(EXLCZ)9924235073000041 100 $a20040518d2005 uy 0 101 0 $aeng 135 $aur||||||||||| 200 10$aDefending God$b[electronic resource] $ebiblical responses to the problem of evil /$fJames L. Crenshaw 210 $aOxford ;$aNew York $cOxford University Press$d2005 215 $ax, 275 p 311 $a9780195140026 320 $aIncludes bibliographical references (p. [251]-264) and indexes. 327 $aPart I: Spreading the blame around -- The atheistic answer : abandoning the quest -- Alternative gods : falling back on a convenient worldview -- A demon at work : letting benevolence slip -- Part II: Redefining God -- Limited power and knowledge : accentuating human freedom -- Split personality : reconciling justice with mercy -- A disciplinary procedure : stimulating growth in virtue -- Punishment for sin : blaming the victim -- Part III: Shifting to the human scene -- Suffering as atonement : making the most of a bad thing -- Justice deferred : banking on life beyond the grave -- Mystery : appealing to human ignorance -- Disinterested righteousness : questioning the problem. 606 $aTheodicy$xBiblical teaching 606 $aGood and evil$xBiblical teaching 615 0$aTheodicy$xBiblical teaching. 615 0$aGood and evil$xBiblical teaching. 676 $a231/.8 700 $aCrenshaw$b James L$0651318 801 0$bMiAaPQ 801 1$bMiAaPQ 801 2$bMiAaPQ 906 $aBOOK 912 $a9910795861503321 996 $aDefending God$93846727 997 $aUNINA